Most Republican U.S. Cities - Statistics

General Stats
  • This quiz has been taken 317 times
    308 since last reset
  • The average score is 6 of 26
Answer Stats
Lead City Population % Correct
6% Oklahoma City, OK 681,054
78%
13% Mesa, AZ 504,258
51%
11% Colorado Springs, CO 478,961
44%
27% Lubbock, TX 257,141
39%
49% Amarillo, TX 200,393
38%
7% Bakersfield, CA 403,455
37%
8% Sioux Falls, SD 192,517
36%
7% Fargo, ND 125,990
35%
8% Scottsdale, AZ 241,361
35%
54% Midland, TX 132,524
26%
6% Henderson, NV 317,610
23%
16% Gilbert, AZ 267,918
22%
10% Frisco, TX 200,509
21%
20% Peoria, AZ 190,985
20%
43% Abilene, TX 125,182
19%
22% Hialeah, FL 223,109
19%
7% Huntington Beach, CA 198,711
18%
14% McKinney, TX 195,308
17%
20% Surprise, AZ 143,148
15%
27% Cape Coral, FL 194,016
12%
10% Pasadena, TX 151,950
11%
45% Lakewood, NJ 135,158
6%
10% Murfreesboro, TN 152,769
6%
7% Roseville, CA 147,773
6%
6% Sterling Heights, MI 134,346
6%
14% Visalia, CA 141,384
6%
No matching quizzes found
Score Distribution
Percent of People with Each Score
Percentile by Number Answered
Your Score History
You have not taken this quiz since the last reset